Statistics for Guess the Taylor Swift song no hints

Click here to take the quiz!

General Stats

  • This quiz has been taken 31 times
  • The average score is 288 of 331

Answer Stats

Answer% Correct
I
100%
is
96%
it
96%
my
96%
the
96%
then
96%
when
96%
you
96%
your
96%
a
92%
and
92%
at
92%
down
92%
every
92%
for
92%
had
92%
he
92%
her
92%
no
92%
now
92%
of
92%
on
92%
out
92%
over
92%
she
92%
that
92%
think
92%
to
92%
were
92%
about
88%
bed
88%
been
88%
come
88%
did
88%
didn't
88%
here
88%
hundred
88%
in
88%
I've
88%
just
88%
keep
88%
later
88%
least
88%
nights
88%
off
88%
oh
88%
one
88%
say
88%
see
88%
something
88%
there
88%
thing
88%
three
88%
was
88%
blind
85%
but
85%
coffees
85%
couch
85%
date
85%
decency
85%
eyes
85%
flashing
85%
forward
85%
girl
85%
greater
85%
hips
85%
if
85%
jumping
85%
lights
85%
only
85%
search
85%
sight
85%
tall
85%
you'll
85%
all
81%
as
81%
baby
81%
blouse
81%
clone
81%
dates
81%
dream
81%
ear
81%
fast
81%
go
81%
lord
81%
lying
81%
new
81%
rumors
81%
running
81%
takeout
81%
thighs
81%
traitor
81%
very
81%
wanting
81%
whispered
81%
before
77%
blue
77%
bout
77%
got
77%
has
77%
let's
77%
maiden's
77%
once
77%
profile
77%
she's
77%
smile
77%
somethings
77%
awkward
73%
blood
73%
boat
73%
called
73%
dreams
73%
dress
73%
laid
73%
lost
73%
model's
73%
passed
73%
red
73%
snow
73%
unbuttoned
73%
waiters
73%
white
73%
will
73%
with
73%
alone
69%
control
69%
flight
69%
flown
69%
probably
69%
still
69%
mouth
65%
sighs
65%
surmise
65%
unsuspecting
65%
wouldn't
65%
layed
58%
rose
58%
slept
50%
wilt
50%

Score Distribution

Percentile by Number Answered

Percent of People with Each Score

Your Score History

You have not taken this quiz